Triết học = Philosophy.

保存先:
書誌詳細
フォーマット: 逐次刊行物
言語:Vietnamese
出版事項: Hà Nội : Viện triết học.
主題:
タグ: タグ追加
タグなし, このレコードへの初めてのタグを付けませんか!
Thư viện lưu trữ: Mạng thư viện Đại học Đà Nẵng
LEADER 00654cas a2200277 a 4500
001 000043604
003 1606
005 20110810101840.0
008 010217b vm 000 vie
040 |a IRC  |c IRC  |d IRC 
041 0 |a vie 
082 1 4 |a 180  |b Tr-H 
245 0 0 |a Triết học =  |b Philosophy. 
246 0 1 |a Philosophy. 
260 |a Hà Nội :  |b Viện triết học. 
300 |c 26 cm. 
650 0 4 |a Triết học  |v Tạp chí. 
OWN |a DUT 
999 |a From the UDN01 
TYP |a Printed language 
980 |a Mạng thư viện Đại học Đà Nẵng